[Event "Sant Miquel Olerdola op 14th"]
[Site "Sant Miquel Olerdola"]
[Date "2023.04.28"]
[Round "3"]
[White "Gotti Rodriguez, Leinier"]
[Black "Madria Garriga, Vidal"]
[Result "0-1"]
[WhiteElo "1464"]
[BlackElo "1930"]
[PlyCount "78"]
[EventDate "2023.04.14"]
[EventType "swiss"]
[EventRounds "8"]
[EventCountry "ESP"]
[SourceTitle "EXT 2024"]
[Source "ChessBase"]
[SourceDate "2023.10.10"]
[SourceVersion "1"]
[SourceVersionDate "2023.10.10"]
[SourceQuality "1"]

1. e4 c5 2. Nc3 g6 3. g3 Bg7 4. Bg2 Nc6 5. d3 d6 6. Be3 Nf6 7. h3 h6 8. f4 Bd7 9. Nf3 Qc8 10. Qd2 Rb8 11. Rb1 b5 12. Ne2 a5 13. g4 b4 14. Ng3 h5 15. g5 Nh7 16. d4 cxd4 17. Nxd4 Nxd4 18. Bxd4 e5 19. Be3 exf4 20. Bxf4 Be5 21. h4 0-0 22. 0-0 Be6 23. Bxe5 dxe5 24. a3 Rd8 25. Qf2 bxa3 26. bxa3 Rxb1 27. Rxb1 Qc3 28. Qb6 Rc8 29. Kh2 Qxc2 30. Rf1 Qc5 31. Qb7 Qc7 32. Qa6 Bc4 33. Rc1 Bxa6 34. Rxc7 Rxc7 35. Bh3 Rc2+ 36. Kg1 Nf8 37. Nh1 Rc3 38. Nf2 Rxa3 39. Bf1 Ra1 0-1